[Event "CZE-ch Junior 2020"]
[Site "Kouty nad Desnou"]
[Date "2020.03.07"]
[Round "2.1"]
[White "Brejnik, Gustav"]
[Black "Sprenar, Petr"]
[Result "1/2-1/2"]
[WhiteElo "2259"]
[BlackElo "2302"]
[Annotator "TA"]
[PlyCount "83"]
[EventDate "2020.03.07"]
[EventCountry "CZE"]
[SourceTitle "playchess.com"]
[Source "ChessBase"]
[SourceQuality "1"]

{[%evp 19,83,16,21,10,50,0,0,0,0,-6,-6,-9,-6,-8,-10,-6,19,-4,-4,-27,-19,-37,-29,-4,-5,-29,-10,-41,-40,-31,-35,-39,-28,-15,0,0,0,0,0,0,0,0,0,0,0,0,0,0,0,0,0,0,0,0,0,0,0,0,0,0,0,0,0,0,0,0]} 1. d4 d5 2. Nf3 e6 3. g3 Nf6 4. Bg2 Be7 5. c4 O-O 6. Qb3 dxc4 7. Qxc4 c6 8. O-O b5 9. Qc2 Bb7 10. Bg5 Nbd7 {[%cal Bb8d7,Bd7b6,Bb6c4,Bc4b2][%mdl 32]} 11. Bxf6 {D30: Queen's Gambit Declined: Systems without Nc3.} gxf6 12. Nbd2 c5 13. a4 bxa4 14. Rxa4 {[#]} Nb6 $146 ({Predecessor:} 14... f5 15. dxc5 Nxc5 16. Rd4 Qb6 17. Nc4 Qc7 18. Nfe5 Bxg2 19. Kxg2 Rac8 20. Rfd1 Bf6 21. Qc3 Ne4 22. Qe3 Bxe5 23. Nxe5 Qxe5 24. f3 Rc2 25. b4 {½-½ (25) Kireev,V (2156)-Andreica Navruc,S (2283) ICCF email 2018}) 15. Ra5 cxd4 {[#]} 16. Nxd4 $1 {[%mdl 512]} Qxd4 ({Don't play} 16... Bxg2 $6 17. Rh5 $16) 17. Bxb7 Rab8 18. Nf3 $132 {[%mdl 2048] White puts up resistance} Qc4 19. Qxc4 Nxc4 20. Rxa7 {[#] And now Ba6 would win.} Bc5 21. Ra4 Nxb2 22. Rg4+ Kh8 23. Ba6 Rb6 24. Bd3 Nxd3 25. exd3 Rb3 26. Rf4 Rxd3 {The position is equal.} 27. Rxf6 Be7 28. Rf4 Bd6 29. Rd4 Rxd4 30. Nxd4 $11 {[%mdl 4096] Endgame KRB-KRN} Rd8 31. Nf3 Bc5 32. Rc1 Rd5 33. Kg2 Kg7 34. Rc4 h5 35. h4 f6 36. Ng1 Rf5 37. Nh3 Kf7 38. Nf4 Bd6 39. Ne2 Rd5 40. Nd4 Be5 41. Nf3 Bd6 42. Nd4 {Accuracy: White = 92%, Black = 96%.} 1/2-1/2

[Event "CZE-ch Junior 2020"]
[Site "Kouty nad Desnou"]
[Date "2020.03.07"]
[Round "2.2"]
[White "Simet, Martin"]
[Black "Mica, Marek"]
[Result "0-1"]
[WhiteElo "2218"]
[BlackElo "2306"]
[Annotator "TA"]
[PlyCount "58"]
[EventDate "2020.03.07"]
[EventCountry "CZE"]
[SourceTitle "playchess.com"]
[Source "ChessBase"]
[SourceQuality "1"]

{[%evp 9,57,18,27,22,33,8,27,8,30,0,9,-14,0,-29,-6,-13,-9,-70,-45,-79,-34,-93,-31,-43,-43,-26,-44,-92,-59,-80,-70,-222,-137,-343,-343,-368,-255,-482,-486,-612,-616,-829,-847,-3276,-3016,-2113,-1424,-2123,-2068,-29999]} 1. c4 Nf6 2. g3 c6 3. Bg2 d5 4. Nf3 Bg4 5. Qb3 Qc7 6. O-O {A11: English Opening: 1...c6.} e6 7. d3 Bd6 8. Nc3 {White has an edge.} Nbd7 9. Be3 O-O {[#]} 10. a3 $146 (10. h3 $5 {[%cal Rh3g4]} Bxf3 11. exf3 $11) ({Predecessor:} 10. cxd5 exd5 11. Rac1 a6 12. Nd4 Nc5 13. Qc2 Qd7 14. f3 Bh3 15. Bf2 Bxg2 16. Kxg2 {1-0 (35) Van Wely,L (2632)-Bluebaum,M (2580) Netherlands 2016}) 10... dxc4 11. dxc4 Nc5 12. Qa2 a5 13. Nd4 (13. b3 $11) 13... e5 14. Nb3 Nfd7 15. Rfd1 (15. Rad1 $15) 15... Be6 ({Black should play} 15... a4 $17 16. Nxc5 Nxc5) 16. Nxc5 $15 Nxc5 17. b3 f5 18. Qb2 f4 $36 {[%mdl 2048] Black has some pressure.} 19. gxf4 exf4 20. Bd4 $2 (20. Bxc5 $1 $15 Bxc5 21. Ne4) 20... Bf5 21. Na4 $2 {[#] This costs White the game.} (21. Kh1 $17) 21... f3 $1 $19 {[%mdl 512]} 22. Bxf3 (22. exf3 Bxh2+) 22... Bxh2+ 23. Kh1 $2 (23. Kg2 {was the only defense.} Ne6 24. Rh1 Nxd4 25. Qxd4) 23... Ne6 24. Be3 Be5 {[%mdl 64] Skewer} 25. Qc1 Qe7 26. Bg2 Qh4+ 27. Kg1 Qh2+ 28. Kf1 Bh3 {[%mdl 64] [#] ( -> ...Qh1#). Overworked Piece} 29. Bxh3 Qh1# {Accuracy: White = 42%, Black = 77%.} 0-1

[Event "CZE-ch Junior 2020"]
[Site "Kouty nad Desnou"]
[Date "2020.03.07"]
[Round "2.3"]
[White "Skalsky, Alexandr"]
[Black "Bulockin, Martin"]
[Result "1-0"]
[WhiteElo "2201"]
[BlackElo "2218"]
[Annotator "TA"]
[PlyCount "119"]
[EventDate "2020.03.07"]
[EventCountry "CZE"]
[SourceTitle "playchess.com"]
[Source "ChessBase"]
[SourceQuality "1"]

{[%evp 21,119,0,37,0,0,0,20,18,0,0,0,0,67,29,79,13,0,0,37,0,64,70,53,0,61,0,284,289,279,243,328,86,77,80,127,120,108,107,113,0,389,389,668,626,627,598,482,0,437,576,541,358,351,351,610,443,911,886,810,640,625,618,1071,1042,1138,1137,1064,1066,925,797,1130,837,731,625,760,733,801,689,675,723,755,717,812,735,978,890,982,995,881,1043,1266,1210,1139,788,783,742,715,717,12833,12829]} 1. e4 c5 2. Nf3 Nc6 3. d4 cxd4 4. Nxd4 Nf6 5. Nc3 d6 6. Bg5 e6 7. Qd2 a6 8. O-O-O h6 9. Nxc6 bxc6 10. Bf4 d5 11. Qe3 Bb4 {11...Bb4 is better than 11...Be7.} 12. a3 {B66: Sicilian: Richter-Rauzer: 7...a6 8 0-0-0 h6.} Ba5 13. h4 Bb6 {[#]} 14. Qf3 $146 {The position is equal.} ({Predecessor:} 14. Qe2 d4 15. e5 Nd5 16. Nxd5 exd5 17. g4 Be6 18. Kb1 Ba5 19. Bd2 Rb8 20. f4 Bxd2 21. Rxd2 {½-½ (50) De Jong,P (2427)-Poell,J (2380) ICCF email 2016}) 14... O-O 15. Bd3 Qe7 16. e5 {Bg5 is the strong threat.} Nh7 (16... Nd7 $11) 17. Rh3 Kh8 18. Bxh7 (18. Na4 $16 Ba7 19. Kb1) 18... Kxh7 $11 19. Bg5 Qa7 20. Qd3+ Kh8 ({Black should play} 20... Kg8 $11) 21. Qd2 $14 {And now Bf6! would win.} Kh7 $1 ({Don't blunder} 21... Bxf2 $2 22. Rf1 $18) 22. Qd3+ (22. Na4 $14 Bxf2 23. Rf1) 22... Kh8 (22... Kg8 $11) 23. Rf3 ({Better is} 23. Na4 $1 $14) 23... Bd8 $2 {[%mdl 8192]} (23... Qc7 $1 $11 {and Black stays safe.}) 24. Bxd8 $18 Rxd8 25. Ne4 $1 Qe7 {[#]} 26. Rf4 $2 (26. Nf6 $1 $18 {[%mdl 512] and the rest is easy.} gxf6 27. exf6) 26... Bd7 $16 27. Ng3 c5 28. Qf3 Rf8 {[#]} 29. Nh5 $1 $40 {[%mdl 128] White goes for the king.} Be8 30. Nxg7 (30. Rg4 $16 Rg8 31. Qf4) 30... Rg8 $2 {[%mdl 8192] White stays focused until the end.} (30... Kxg7 $11 31. Rg4+ Kh7 32. Qd3+ Kh8) 31. Nh5 $18 ({Not} 31. Nxe8 Raxe8 32. Rxf7 Qxh4 $18) 31... Rb8 $2 (31... Rc8 32. Nf6 Rg6) 32. Nf6 Rg7 {[#]} 33. Qh5 $1 Rg6 34. Qf3 $2 (34. Rd3 $18) 34... c4 $2 {[%mdl 8192]} (34... Rg7 $1 $11) 35. h5 Rg7 36. c3 Ba4 37. Rd2 Qb7 $2 (37... Rg5 38. Re2 Rc8) 38. b4 {White is clearly winning.} Bc6 (38... Qc7 $142 39. Ng4 Kg8 40. Nxh6+ Kf8) 39. Rg4 Rxg4 40. Nxg4 Qe7 41. Nxh6 f5 42. exf6 Qh7 43. Qf4 Rf8 44. Qg5 Ba4 45. Ng4 Be8 46. h6 {Qg7+ would kill now.} Qg6 47. Qf4 Kh7 48. f3 Qh5 49. Qc7+ Rf7 50. Qg3 Qg6 51. Qf4 Rf8 52. Kb2 Ba4 53. Qe5 a5 54. Qc7+ Rf7 55. Qxa5 Bb3 56. Qc5 Qg5 57. Qe3 Qxe3 58. Nxe3 Rxf6 59. Ng4 Ba4 60. Nxf6+ {Accuracy: White = 66%, Black = 34%.} 1-0

[Event "CZE-ch Junior 2020"]
[Site "Kouty nad Desnou"]
[Date "2020.03.07"]
[Round "2.4"]
[White "Sramek, Vojtech"]
[Black "Riha, Vojtech"]
[Result "1-0"]
[WhiteElo "2181"]
[BlackElo "2306"]
[Annotator "TA"]
[PlyCount "113"]
[EventDate "2020.03.07"]
[EventCountry "CZE"]
[SourceTitle "playchess.com"]
[Source "ChessBase"]
[SourceQuality "1"]

{[%evp 14,113,36,12,22,44,37,45,47,54,56,57,57,67,50,58,97,2,84,55,94,92,131,139,137,140,136,131,150,122,120,143,174,174,186,180,180,186,193,175,184,182,197,203,206,198,232,232,234,232,237,218,230,233,227,212,250,243,242,237,232,233,254,243,320,320,307,312,416,381,425,437,429,417,478,490,542,539,654,639,694,694,669,670,673,676,1219,1216,1189,1166,29955,1475,29958,8927,4031,851,29976,29978,29970,29957,4918,1024]} 1. e4 c5 2. Nf3 Nc6 3. Nc3 Nf6 4. Bb5 g6 5. e5 Ng4 6. Bxc6 dxc6 7. h3 Nh6 8. g4 Bg7 {B30: Sicilian: 2...Nc6 3 Bb5, lines without ...g6.} 9. d3 f6 10. exf6 exf6 {White is slightly better.} 11. Qe2+ Qe7 12. Qxe7+ $1 Kxe7 {[#]} 13. O-O $146 ({Predecessor:} 13. Be3 b6 14. O-O-O Re8 15. Rhe1 Kf8 16. d4 Nxg4 17. hxg4 Bxg4 18. Nd2 Bxd1 19. Rxd1 cxd4 20. Bxd4 {½-½ (26) Stojanovic,D (2503)-Markovic,Z (2379) Vrnjacka Banja 2007}) 13... Nf7 14. Re1+ Kf8 15. Kg2 (15. Be3 $16 Kg8 16. Bxc5) 15... Bd7 (15... g5 $1 $11) 16. Be3 b6 {Black is now going downhill.} 17. a4 {[%cal Ba2a4,Ba4a5][%mdl 32]} Nd6 18. Bf4 Nb7 {[#]} 19. a5 $1 $36 {[%cal Ra5b6][%mdl 2048] White is in control.} Kf7 20. Ne4 {Strongly threatening g5.} bxa5 21. Nd6+ Nxd6 22. Bxd6 {Re7+ is the strong threat.} Bf8 23. Bxf8 Rhxf8 24. Rxa5 Rfb8 25. b3 ({Resist} 25. Rxc5 $6 Rxb2 26. Rc4 a5 $11) 25... Rb5 26. Rea1 Rxa5 27. Rxa5 $18 {[%mdl 4096] Endgame KRB-KRN} Ke6 28. Nd2 a6 29. Ne4 Ke7 30. Nxc5 ({Don't do} 30. Rxc5 $6 Ra7) 30... Bc8 31. d4 Ra7 32. Ra1 Ra8 33. Re1+ Kf7 34. c4 Rb8 35. Kf3 h6 36. Ra1 Ra8 37. Ke3 Ra7 38. Kd2 h5 39. gxh5 gxh5 40. h4 Ra8 41. b4 Ke7 42. b5 cxb5 43. cxb5 a5 44. b6 Rb8 45. b7 Bxb7 46. Rb1 Rg8 47. Rxb7+ {KRN-KR} Kd6 48. f3 Rg2+ 49. Ke3 Rh2 50. Ra7 Rxh4 51. Ne4+ Ke6 52. Ra6+ (52. Rxa5 $142 Kf7 53. d5 Rh1 54. d6 Rd1 55. Rxh5 Kg6 56. Rc5 f5 57. Nd2) 52... Ke7 53. Rxa5 (53. d5 $142 Rh1 54. d6+ Ke8 55. Ra8+ Kd7 56. Ra7+ Ke8 57. Nxf6+ Kf8 58. Nd7+ Kf7 59. Nc5+ Kf6 60. Ne4+ Kf5 61. d7) 53... Rh1 54. Ra7+ Kf8 55. Nxf6 h4 56. Ng4 h3 57. Ra2 {Accuracy: White = 82%, Black = 49%.} 1-0

[Event "CZE-ch Junior 2020"]
[Site "Kouty nad Desnou"]
[Date "2020.03.07"]
[Round "2.5"]
[White "Stinka, Jakub"]
[Black "Cerny, David"]
[Result "1/2-1/2"]
[WhiteElo "2263"]
[BlackElo "2181"]
[Annotator "TA"]
[PlyCount "132"]
[EventDate "2020.03.07"]
[EventCountry "CZE"]
[SourceTitle "playchess.com"]
[Source "ChessBase"]
[SourceQuality "1"]

{[%evp 22,132,39,46,101,39,73,75,92,60,150,116,112,101,133,147,137,112,158,158,220,212,221,220,208,228,243,206,188,197,182,129,155,147,168,27,31,0,9,3,6,8,91,-20,0,-30,78,-193,-176,-172,-173,-393,-384,-365,-397,-390,-383,-639,-320,-337,-236,-358,-347,-372,-365,-251,0,-10,0,0,0,0,0,-79,-27,-35,-43,-30,-23,-29,-36,-55,-62,-57,0,0,0,0,0,0,0,0,0,-22,-26,-31,-23,-47,-47,-99,-99,-275,-8,-518,-500,-470,-491,-574,0,0,0,0,0]} 1. d4 Nf6 2. c4 c5 3. d5 e6 4. Nc3 exd5 5. cxd5 d6 6. e4 g6 7. Bd3 Bg7 8. h3 O-O 9. Bg5 a6 10. a4 Nbd7 11. Nf3 Re8 12. O-O Qc7 {A65: Modern Benoni: 6 e4.} (12... h6 $14 13. Be3 g5) 13. Re1 (13. Nd2 $16) 13... h6 14. Bf4 g5 {White is better.} 15. Bh2 {[#]} (15. Bg3 {seems wilder.} b6 16. Bc2 Nh5 17. Bh2 Nhf6 18. Nd2) 15... Ne5 $146 (15... g4 $14) ({Predecessor:} 15... Nh7 16. Rc1 Ne5 17. Nxe5 dxe5 18. Be2 Qa5 19. Bg4 Nf8 20. Bxc8 Raxc8 21. Qg4 Ng6 {1-0 (41) Tereick,B (2379)-Farmani Anosheh,A (2168) Willingen 2008}) 16. Nxe5 dxe5 17. Bc4 Qd6 18. a5 Bd7 19. Qe2 Nh7 20. Ra3 Nf8 (20... Rab8 $16 21. Rb3 b5) 21. Rb3 $18 Rab8 22. Rb6 Qe7 23. Qh5 Qd8 24. Re3 Ng6 25. g3 Kh7 26. Rf3 (26. Rd3 $18) 26... f6 27. Nd1 Rf8 28. Rc3 (28. Rfb3 $1 $18) 28... Ne7 $1 $11 29. Ra3 Nc8 $132 {[%mdl 2048] Black has counterplay} 30. Rbb3 Nd6 {[%mdl 64] Double Attack} 31. Ne3 Qc8 (31... Nxe4 $11 32. Rb6 (32. Bd3 f5 $15) 32... Nd2) 32. Qf3 (32. Rb6 $16 Qc7 33. Qe2) 32... Bb5 33. Qe2 $1 {[%cal Rc4b5]} f5 (33... Nxe4 $2 34. Rxb5 axb5 35. Bd3 $18) (33... Qxh3 $11 34. Bxb5 Nxb5) 34. exf5 $2 {[%mdl 8192]} (34. Bxb5 $16 {is forced if you want to stay better.} Nxb5 35. Nxf5) 34... Nxc4 $19 {[%mdl 64] Overworked Piece} 35. Nxc4 {And now g4 would win.} Qxf5 36. Rf3 $2 (36. Rc3 {keeps fighting.}) 36... Qb1+ 37. Kg2 e4 38. Rxf8 Rxf8 39. Nd2 $2 (39. g4 Bd4 40. Bg3) 39... Bxe2 40. Nxb1 Rd8 (40... Bxb2 41. Rb3 $19) 41. Nd2 (41. Nc3 $142 Bf3+ 42. Kf1) 41... Bd3 (41... Rxd5 42. Nxe4 Bxb2 43. Re3 $19) 42. Rb3 Rxd5 43. Rxb7 {[#]} c4 $2 (43... e3 $1 $19 {[%cal Re3d2][%mdl 512]} 44. Nf3 (44. fxe3 $2 Bf5 $19) 44... Bb5 45. fxe3 Bc6) 44. Rc7 Rxa5 (44... Be2 $5 45. g4 $8 (45. Nxe4 Rd3 $17) 45... Kg8 46. Rc8+ Kf7 47. Rc7+ (47. Nxe4 Rd3 $17) (47. Nxc4 Rd1 $17) 47... Kf8 48. Nxc4 Bf3+ 49. Kg3 Bd4 $11) 45. Nxc4 Ra1 {Hoping for ...Bf1+.} 46. Ne3 $1 Be2 {[%csl Ge4][%cal Re2f3]} 47. Bg1 (47. g4 $11 {remains equal.} Bf3+ 48. Kg3) 47... Ra5 (47... Kg8 $17 48. Rc8+ Bf8) 48. g4 $11 Bf3+ 49. Kg3 Kg6 {[%cal Rg7e5]} 50. Rc6+ Bf6 51. h4 gxh4+ 52. Kh3 $1 Kg5 (52... h5 $15 53. gxh5+ Bxh5) 53. Bh2 h5 54. gxh5 Bxb2 55. h6 {aiming for h7.} Ra3 {...Bg4+ is the strong threat.} 56. Bd6 Ra1 57. Be7+ Kh5 {[%cal Ra1h1]} 58. Rc5+ Kxh6 {[%cal Ra1h1]} 59. Kxh4 Rg1 60. Nf5+ ({White should play} 60. Bd6 $15) 60... Kh7 61. Ng3 $2 (61. Kh3 $17 {was called for.}) 61... Rg2 $2 (61... Bd4 $19 62. Rc7 Kg6 63. Rc6+ Kf7) 62. Rc7 $2 {[%mdl 8192]} (62. Kg5 $1 $11) 62... Kg6 $19 {[%cal Rg2h2]} 63. Rc6+ Kf7 64. Bc5 {[#]} Rh2+ $2 (64... e3 $1 $19 {[%mdl 512]} 65. Rxa6 (65. Bxe3 Bxc6) 65... exf2 66. Bxf2 Rxf2) 65. Kg5 $11 Bc1+ 66. Kf5 Rh6 {A wild game. Accuracy: White = 48%, Black = 59%.} 1/2-1/2

[Event "CZE-ch Junior 2020"]
[Site "Kouty nad Desnou"]
[Date "2020.03.07"]
[Round "2.6"]
[White "Eret, Jonas"]
[Black "Finek, Vaclav"]
[Result "1-0"]
[WhiteElo "2211"]
[BlackElo "2211"]
[Annotator "TA"]
[PlyCount "87"]
[EventDate "2020.03.07"]
[EventCountry "CZE"]
[SourceTitle "playchess.com"]
[Source "ChessBase"]
[SourceQuality "1"]

{[%evp 9,87,-10,2,-31,-36,-37,-16,-15,-12,-18,-16,-36,-29,-37,-32,-39,-32,-37,-26,-34,-25,-37,-24,-50,-43,-41,-53,-79,-54,-46,-27,-37,-13,-47,-6,-29,0,-9,6,0,0,-35,-28,-28,-30,-22,12,4,70,-61,-33,-51,-9,-105,-86,-86,82,55,89,91,239,237,269,237,186,0,0,0,186,0,264,0,1072,1024,1403,1392,1384,1354,1285,1244]} 1. b3 e5 2. Bb2 Nc6 3. e3 Nf6 4. Bb5 Bd6 5. Na3 Na5 6. Nc4 {A01: Nimzowitsch-Larsen Opening.} (6. Be2 {is more complex.} a6 7. Nf3 Qe7 8. Nb1 b5 9. d3) 6... Nxc4 7. Bxc4 O-O 8. Ne2 {The position is equal.} c6 9. Ng3 Bc7 10. O-O d5 11. Be2 Re8 12. d3 {[#]} Be6 $146 ({Predecessor:} 12... a5 13. a4 Qe7 14. c4 Be6 15. Qc2 Bd6 16. Rfd1 h6 17. Rab1 Bd7 18. Bc3 b5 {½-½ (33) Jyothsna,L (1923)-Bommini,M (1734) Kolkata 2018}) 13. c4 Qe7 14. Qc2 Rad8 15. Rad1 d4 16. e4 Nd7 17. Bc1 a5 18. h3 a4 19. Bd2 axb3 20. axb3 Ra8 21. Ra1 Nf8 22. Ra2 Ng6 23. Rfa1 Rad8 24. c5 Nf4 25. Bf1 h5 26. Ra7 Rb8 27. b4 g5 28. Qd1 g4 (28... h4 $11) 29. hxg4 (29. Nf5 $1 $14 Bxf5 30. exf5) 29... hxg4 $15 30. b5 {Threatens to win with Nf5.} Qh4 {And now ...Kg7 would win.} (30... Qxc5 $6 31. bxc6 Qxc6 32. Nf5 $16) (30... Kg7 $5 {[%cal Re7h4]} 31. Nf5+ Bxf5 $17) 31. Be1 (31. bxc6 $2 Kg7 $19) (31. Nf5 $1 $11 {remains equal.} Bxf5 32. g3 Nh3+ 33. Bxh3 Qxh3 34. exf5 cxb5 35. c6) 31... cxb5 {[#]} 32. c6 $1 {[%mdl 512]} Bc8 $2 (32... Kh7 $1 $17 {stays on course. White must now prevent ...Rh8.} 33. f3 (33. Rxb7 Rh8 $19) 33... gxf3) (32... bxc6 33. Rxc7) 33. cxb7 Bxb7 (33... Rxb7 $6 34. Rxb7 Bxb7 35. Nf5 $18) 34. Nf5 $36 {[%mdl 2048] White is in control.} Qg5 (34... Qh5 $16 {keeps fighting.}) 35. Bd2 $18 (35. Qb3 Re6 $14) 35... Bb6 {[#]} 36. Rxb7 $1 {[%mdl 576] Decoy} Rxb7 37. Nd6 $2 (37. g3 $18) 37... Re6 $1 $11 {[%cal Re6d6]} 38. Ra8+ (38. Nxb7 $2 {perishes.} Qh5 $19) 38... Kg7 $2 (38... Kh7 $11 {and Black is okay.} 39. Nf5 (39. Nxb7 $2 {is the wrong capture.} Qh5 $19) 39... Qh5) 39. Nxb7 $2 ({White has to play} 39. Nf5+ $1 $18 Kh7 40. g3) 39... Rh6 $2 {[%mdl 8192] [#]} (39... g3 $11 {and Black has nothing to worry.} 40. Qf3 Nh3+ {[%mdl 64] Discovered Attack} 41. gxh3 gxf2+ 42. Kxf2 Qxd2+ 43. Kg1 Qe3+ 44. Qxe3 dxe3) 40. Bb4 $2 (40. Nd6 $1 $18 {[%cal Rd6f5]} Rxd6 41. g3) 40... Rh7 $2 {[%mdl 8192] [#]} (40... Kf6 $11 41. Nc5 Qh5 42. Nd7+ {[%mdl 64] Double Attack} Ke6 43. Nf8+ Kf6 44. Nd7+ {[%mdl 64] Double Attack} Ke6 45. Nf8+ Kf6 46. Nd7+ {[%mdl 64] Double Attack}) 41. Nd6 $1 $18 {[%cal Rd6f5] Strongly threatening Nf5+.White is clearly winning.} ({But not} 41. Bf8+ $2 Kf6 $19) 41... Bd8 42. Nf5+ Kg6 {[#]} 43. Rxd8 $1 Qxd8 44. Be7 {Accuracy: White = 64%, Black = 54%.} 1-0

[Event "CZE-ch Junior 2020"]
[Site "Kouty nad Desnou"]
[Date "2020.03.08"]
[Round "3.1"]
[White "Finek, Vaclav"]
[Black "Brejnik, Gustav"]
[Result "1-0"]
[WhiteElo "2211"]
[BlackElo "2259"]
[Annotator "ChessBase"]
[PlyCount "47"]
[EventDate "2020.03.07"]
[EventCountry "CZE"]
[SourceTitle "playchess.com"]
[Source "ChessBase"]
[SourceQuality "1"]
[TimeControl "5400+30"]

1. Nf3 {[%emt 0:00:00]} d5 {[%emt 0:03:00]} 2. d4 {[%emt 0:00:00]} Bf5 {[%emt 0:00:05]} 3. c4 {[%emt 0:00:27]} e6 {[%emt 0:00:28]} 4. Nc3 {[%emt 0:00:45]} c6 {[%emt 0:09:31]} 5. Qb3 {[%emt 0:05:05]} Na6 {[%emt 0:20:11]} 6. Qxb7 {[%emt 0:15:14]} Nb4 {[%emt 0:00:12]} 7. Ne5 {[%emt 0:00:32]} Nc2+ {[%emt 0:09:20]} 8. Kd1 {[%emt 0:00:06]} Ne7 {[%emt 0:00:06]} 9. Nb5 {[%emt 0:03:56]} Rc8 {[%emt 0:01:27]} 10. c5 {[%emt 0:01:19]} cxb5 {[%emt 0:02:45]} 11. e3 {[%emt 0:00:17]} a6 {[%emt 0:05:51]} 12. Qxa6 {[%emt 0:00:25]} Nxa1 {[%emt 0:12:04]} 13. Bxb5+ {[%emt 0:00:10]} Nc6 {[%emt 0:00:05]} 14. Nxc6 {[%emt 0:02:37]} Rxc6 {[%emt 0:01:04]} 15. Qxc6+ {[%emt 0:00:14]} Ke7 {[%emt 0:00:04]} 16. e4 {[%emt 0:00:08]} Kf6 {[%emt 0:08:39]} 17. exf5 {[%emt 0:00:50]} Be7 {[%emt 0:10:11]} 18. fxe6 {[%emt 0:00:37]} Qa8 {[%emt 0:01:21]} 19. Qc7 {[%emt 0:01:14]} Qb8 {[%emt 0:01:04]} 20. Bg5+ {[%emt 0:00:18]} Kxg5 {[%emt 0:01:23]} 21. Qxe7+ {[%emt 0:00:07]} Kg6 {[%emt 0:05:17]} 22. Qxf7+ {[%emt 0:02:46]} Kh6 {[%emt 0:00:11]} 23. g4 {[%emt 0:00:14]} g6 {[%emt 0:01:03]} 24. h4 {[%emt 0:00:26]} 1-0

[Event "CZE-ch Junior 2020"]
[Site "Kouty nad Desnou"]
[Date "2020.03.08"]
[Round "3.2"]
[White "Cerny, David"]
[Black "Eret, Jonas"]
[Result "1/2-1/2"]
[WhiteElo "2181"]
[BlackElo "2211"]
[Annotator "ChessBase"]
[PlyCount "62"]
[EventDate "2020.03.07"]
[EventCountry "CZE"]
[SourceTitle "playchess.com"]
[Source "ChessBase"]
[SourceQuality "1"]
[TimeControl "5400+30"]

1. e4 {[%emt 0:00:00]} e6 {[%emt 0:00:04]} 2. d4 {[%emt 0:00:05]} d5 {[%emt 0:00:08]} 3. exd5 {[%emt 0:00:31]} exd5 {[%emt 0:00:07]} 4. c4 {[%emt 0:00:52]} c6 {[%emt 0:00:59]} 5. cxd5 {[%emt 0:01:10]} cxd5 {[%emt 0:01:16]} 6. Bb5+ {[%emt 0:01:36]} Bd7 {[%emt 0:01:46]} 7. Qe2+ {[%emt 0:03:33]} Qe7 {[%emt 0:02:29]} 8. Qxe7+ {[%emt 0:01:29]} Bxe7 {[%emt 0:00:11]} 9. Bxd7+ {[%emt 0:00:59]} Nxd7 {[%emt 0:00:29]} 10. Nc3 {[%emt 0:01:10]} Ngf6 {[%emt 0:00:45]} 11. Nf3 {[%emt 0:00:48]} O-O {[%emt 0:01:13]} 12. O-O {[%emt 0:01:21]} a6 {[%emt 0:01:38]} 13. Bg5 {[%emt 0:02:16]} h6 {[%emt 0:02:31]} 14. Bh4 {[%emt 0:00:48]} g5 {[%emt 0:01:30]} 15. Bg3 {[%emt 0:01:02]} Rac8 {[%emt 0:01:06]} 16. a3 {[%emt 0:05:26]} Nb6 {[%emt 0:01:44]} 17. Ne5 {[%emt 0:01:33]} Nh5 {[%emt 0:06:14]} 18. f3 {[%emt 0:01:53]} Nxg3 {[%emt 0:00:35]} 19. hxg3 {[%emt 0:00:12]} Rfd8 {[%emt 0:00:24]} 20. Rfe1 {[%emt 0:05:04]} Bf6 {[%emt 0:00:53]} 21. f4 {[%emt 0:03:39]} Kg7 {[%emt 0:01:56]} 22. Kh2 {[%emt 0:01:40]} Rc7 {[%emt 0:02:01]} 23. Re2 {[%emt 0:07:53]} Re7 {[%emt 0:01:24]} 24. Rae1 {[%emt 0:02:15]} Nc4 {[%emt 0:01:34]} 25. Nd1 {[%emt 0:01:41]} Nd6 {[%emt 0:00:34]} 26. Nf2 {[%emt 0:07:25]} gxf4 {[%emt 0:00:48]} 27. gxf4 {[%emt 0:00:39]} h5 {[%emt 0:00:34]} 28. Rc1 {[%emt 0:06:00]} Nf5 {[%emt 0:00:31]} 29. Rd2 {[%emt 0:01:07]} Rde8 {[%emt 0:01:32]} 30. Rc5 {[%emt 0:01:44]} Rd8 {[%emt 0:00:47]} 31. Rc1 {[%emt 0:01:15]} Bh4 {[%emt 0:02:35]} 1/2-1/2